[Event "Chicago Open 2008"]
[Site "Wheeling, IL"]
[Date "2008.05.25"]
[Round "4.11"]
[White "Zenyuk, Iryna"]
[Black "Ginsburg, Mark"]
[Result "1/2-1/2"]
[WhiteElo "2186"]
[BlackElo "2430"]
[PlyCount "72"]
[EventDate "2008.05.??"]
[SourceDate "2008.05.24"]

1. d4 g6 2. Nf3 Bg7 3. c4 d6 4. e4 Bg4 5. d5 c5 6. Be2 Nf6 7. Nc3 O-O 8. O-O a6
9. a4 Nbd7 10. Be3 Bxf3 11. gxf3 Qc7 12. f4 e6 13. Bd3 exd5 14. cxd5 Rfe8 15.
Qf3 Rac8 16. Kh1 Qb6 17. Rfb1 Nh5 18. a5 Qd8 19. Rg1 Kh8 20. Qh3 Rc7 21. f5 Qe7
22. f4 Bd4 23. fxg6 fxg6 24. Raf1 Qg7 25. e5 Bxe3 26. Qxe3 dxe5 27. f5 e4 28.
fxg6 hxg6 29. Nxe4 c4 30. Bc2 Ndf6 31. Qf3 Rf8 32. Nd6 Qe7 33. Rxg6 Qxd6 34.
Rh6+ Kg7 35. Rg6+ Kh8 36. Rh6+ Kg7 1/2-1/2

[Event "Chicago Open 2008"]
[Site "Wheeling, IL"]
[Date "2008.05.25"]
[Round "4.12"]
[White "Sharavdorj, Dashzeveg"]
[Black "Hilton, Jonathan"]
[Result "1/2-1/2"]
[WhiteElo "2488"]
[BlackElo "2246"]
[PlyCount "48"]
[EventDate "2008.05.??"]
[SourceDate "2008.05.24"]

1. d4 Nf6 2. Nf3 g6 3. c4 Bg7 4. Nc3 d5 5. cxd5 Nxd5 6. e4 Nxc3 7. bxc3 c5 8.
Rb1 O-O 9. Be2 b6 10. O-O Bb7 11. Qd3 e6 12. Bg5 Qc7 13. Qe3 Nd7 14. e5 Rac8
15. Nd2 cxd4 16. cxd4 Qc2 17. Bb5 Rc3 18. Qe2 Nb8 19. Be7 Rfc8 20. Bb4 R3c7 21.
Bd6 Rc3 22. Bb4 R3c7 23. Bd6 Rc3 24. Bb4 R3c7 1/2-1/2

[Event "Chicago Open 2008"]
[Site "Wheeling, IL"]
[Date "2008.05.25"]
[Round "4.15"]
[White "Parry, Matt"]
[Black "Pereira, Silvio"]
[Result "0-1"]
[WhiteElo "2325"]
[BlackElo "2214"]
[PlyCount "54"]
[EventDate "2008.05.??"]
[SourceDate "2008.05.24"]

1. e4 e5 2. Nf3 Nc6 3. Bb5 a6 4. Bxc6 dxc6 5. O-O Bd6 6. d4 exd4 7. Qxd4 f6 8.
Be3 Ne7 9. Nbd2 Be6 10. Qc3 Ng6 11. Nc4 Qe7 12. Nd4 Bxc4 13. Qxc4 Qxe4 14. Rfe1
O-O-O 15. Rad1 Rhe8 16. Qf1 c5 17. Nb3 Qf5 18. c4 b6 19. Rd5 Re5 20. Red1 Ne7
21. R5d2 Nc6 22. a4 a5 23. Nc1 Re4 24. Na2 Bxh2+ 25. Kxh2 Rh4+ 26. Kg1 Rxd2 27.
g3 Qf3 0-1

[Event "Chicago Open 2008"]
[Site "Wheeling, IL"]
[Date "2008.05.25"]
[Round "4.16"]
[White "Donahue, Robert"]
[Black "Wolf, Dan"]
[Result "1/2-1/2"]
[WhiteElo "2036"]
[BlackElo "2321"]
[PlyCount "76"]
[EventDate "2008.05.??"]
[SourceDate "2008.05.24"]

1. e4 c5 2. Nf3 e6 3. d4 cxd4 4. Nxd4 Nc6 5. c4 Nf6 6. Nc3 Bb4 7. Nxc6 bxc6 8.
Bd3 d5 9. cxd5 exd5 10. O-O Bxc3 11. bxc3 dxe4 12. Bxe4 Nxe4 13. Qe2 f5 14. f3
Qb6+ 15. Kh1 Ba6 16. c4 O-O 17. fxe4 fxe4 18. Be3 Qb4 19. Rac1 Rxf1+ 20. Qxf1
Rf8 21. Qg1 Rf7 22. Bxa7 h6 23. Bc5 Qb2 24. a3 Qe2 25. a4 Bxc4 26. a5 Bd3 27.
Bb6 Rf6 28. Ra1 Rg6 29. Qf2 Qxf2 30. Bxf2 Ba6 31. Kg1 Rg5 32. Be3 Rf5 33. Rc1
Kf7 34. h3 Rxa5 35. Rxc6 Ra1+ 36. Rc1 Ra2 37. Rc7+ Kg8 38. Bd4 g5 1/2-1/2

[Event "Chicago Open 2008"]
[Site "Wheeling, IL"]
[Date "2008.05.25"]
[Round "4.19"]
[White "Filipovich, David"]
[Black "Marshall, Mario"]
[Result "1-0"]
[WhiteElo "2229"]
[BlackElo "2014"]
[PlyCount "53"]
[EventDate "2008.05.??"]
[SourceDate "2008.05.24"]

1. Nf3 Nf6 2. g3 c5 3. Bg2 Nc6 4. c4 g6 5. O-O Bg7 6. Nc3 O-O 7. d4 d5 8. dxc5
d4 9. Nb5 e5 10. e3 Bg4 11. h3 Bxf3 12. Qxf3 a6 13. Nd6 Qc7 14. exd4 Nxd4 15.
Qxb7 Qxc5 16. Ne4 Nxe4 17. Bxe4 Qxc4 18. Bd5 Qc8 19. Qxa8 Qxh3 20. Qxa6 e4 21.
Bxe4 Re8 22. Be3 Rxe4 23. Bxd4 Rxd4 24. Qa8+ Bf8 25. Rad1 Rg4 26. Rd8 Qh6 27.
Re1 1-0

[Event "Chicago Open 2008"]
[Site "Wheeling, IL"]
[Date "2008.05.25"]
[Round "4.21"]
[White "Lee, David"]
[Black "Vetter, David"]
[Result "1/2-1/2"]
[WhiteElo "1947"]
[BlackElo "1156"]
[PlyCount "76"]
[EventDate "2008.05.??"]
[SourceDate "2008.05.24"]

1. e4 c5 2. Nf3 g6 3. d4 cxd4 4. Nxd4 Bg7 5. Nc3 Nc6 6. Nde2 e6 7. g3 Nge7 8.
Bg2 O-O 9. O-O f5 10. Nb5 fxe4 11. Nd6 Nf5 12. Bxe4 Nxd6 13. Qxd6 Be5 14. Qd1
d5 15. Bg2 Qf6 16. h4 Nd4 17. Nf4 Qf5 18. Be3 Qxc2 19. Bxd4 Qxd1 20. Raxd1 Bxd4
21. Nxd5 Bxf2+ 22. Rxf2 Rxf2 23. Ne7+ Kf7 24. Nxc8 Rxg2+ 25. Kxg2 Rxc8 26. Rd7+
Kf6 27. Rxb7 h5 28. Kf3 Rc2 29. a4 a5 30. Rb5 e5 31. Rxa5 Rxb2 32. Ra8 Rb4 33.
a5 Kf5 34. Rf8+ Ke6 35. a6 Ra4 36. Rg8 Kf5 37. Rf8+ Ke6 38. Ra8 Kf5 1/2-1/2

[Event "Chicago Open 2008"]
[Site "Wheeling, IL"]
[Date "2008.05.25"]
[Round "5.4"]
[White "Petrosian, Tigran"]
[Black "Laylo, Darwin"]
[Result "1-0"]
[WhiteElo "2716"]
[BlackElo "2596"]
[PlyCount "117"]
[EventDate "2008.05.??"]
[SourceDate "2008.05.24"]

1. e4 d5 2. exd5 Nf6 3. d4 Bg4 4. Bb5+ Nbd7 5. f3 Bf5 6. Nc3 a6 7. Ba4 b5 8.
Bb3 Nb6 9. Nge2 Nfxd5 10. Nxd5 Nxd5 11. Ng3 Bc8 12. Ne4 e6 13. Bg5 Be7 14. Bxe7
Qxe7 15. Nc5 O-O 16. Bxd5 exd5+ 17. Kf2 Qd6 18. Qd2 Bf5 19. Rae1 f6 20. g3 Rae8
21. Rxe8 Rxe8 22. Re1 Rxe1 23. Qxe1 Kf7 24. Qa5 Bc8 25. Qc3 h5 26. Qd3 g6 27.
Qe3 Qe7 28. Qh6 Qf8 29. Qh7+ Qg7 30. Qxg7+ Kxg7 31. Ke3 Kf7 32. Kd2 Ke7 33. Kc3
a5 34. Nb3 a4 35. Nc5 Bf5 36. Kb4 c6 37. b3 Bxc2 38. bxa4 bxa4 39. Nxa4 Bd1 40.
f4 Ke6 41. Nc5+ Kf5 42. Kc3 Be2 43. Kd2 Bc4 44. a4 Kg4 45. Nd7 Kh3 46. Nxf6
Kxh2 47. Nxh5 Kh3 48. Ke3 c5 49. Nf6 cxd4+ 50. Kxd4 Kxg3 51. Nxd5 Ba6 52. Ke5
Kg4 53. a5 Kh5 54. Nc7 Bc8 55. a6 Kh4 56. a7 Bb7 57. Ne6 Kh5 58. Kf6 Be4 59.
Nf8 1-0

[Event "Chicago Open 2008"]
[Site "Wheeling, IL"]
[Date "2008.05.25"]
[Round "5.11"]
[White "Milman, Lev"]
[Black "Filipovich, David"]
[Result "1-0"]
[WhiteElo "2528"]
[BlackElo "2229"]
[PlyCount "55"]
[EventDate "2008.05.??"]
[SourceDate "2008.05.24"]

1. e4 c6 2. d4 d5 3. Nc3 g6 4. Nf3 Bg7 5. h3 Nf6 6. Bd3 dxe4 7. Nxe4 Nbd7 8.
Nxf6+ Nxf6 9. O-O O-O 10. Re1 a5 11. c3 Qc7 12. Qe2 e6 13. Ne5 c5 14. Bf4 Nd5
15. Bg3 Qe7 16. dxc5 Qxc5 17. Rad1 f6 18. Nxg6 hxg6 19. Bxg6 b5 20. Qh5 Rd8 21.
Bf4 Ra7 22. Re4 Qb6 23. Qh7+ Kf8 24. Bh6 Bxh6 25. Qxh6+ Rg7 26. Rg4 e5 27. Bf5
Bxf5 28. Rxg7 1-0

[Event "Chicago Open 2008"]
[Site "Wheeling, IL"]
[Date "2008.05.25"]
[Round "5.12"]
[White "Homa, Seth"]
[Black "Sharavdorj, Dashzeveg"]
[Result "0-1"]
[WhiteElo "2261"]
[BlackElo "2488"]
[PlyCount "184"]
[EventDate "2008.05.??"]
[SourceDate "2008.05.24"]

1. e4 e6 2. d4 d5 3. e5 c5 4. c3 Nc6 5. Nf3 Bd7 6. Be2 Nge7 7. Na3 cxd4 8. cxd4
Nf5 9. Nc2 Qb6 10. h4 Rc8 11. Kf1 Na5 12. b3 Bb5 13. g4 Ne7 14. h5 h6 15. Ne3
Nec6 16. Bb2 Be7 17. Kg2 f6 18. exf6 Bxf6 19. Re1 O-O 20. Bd3 Nb4 21. Bb1 Qa6
22. a4 Bd3 23. Ba3 Bxb1 24. Rxb1 Nd3 25. Bxf8 Nxe1+ 26. Qxe1 Rxf8 27. b4 Nc4
28. b5 Qd6 29. Nxc4 dxc4 30. Qe4 Qd5 31. Re1 Rc8 32. Qxe6+ Qxe6 33. Rxe6 c3 34.
Re1 Rc4 35. Rc1 c2 36. Kg3 Rc3 37. Kg2 Kf7 38. Ne1 Rc4 39. Rxc2 Rxd4 40. Rc7+
Ke6 41. Kf3 Be5 42. Rxb7 Rf4+ 43. Ke3 Rxa4 44. Nf3 Bf6 45. b6 a5 46. Ra7 Kd6
47. g5 hxg5 48. b7 Kc7 49. h6 gxh6 50. Ra6 Rf4 51. Rxa5 Kxb7 52. Rc5 Bd8 53.
Re5 Bb6+ 54. Ke2 g4 55. Nh4 Rxf2+ 56. Kd3 Rh2 57. Nf5 h5 58. Re7+ Bc7 59. Rh7
Kc6 60. Ke3 g3 61. Nd4+ Kb6 62. Rh6+ Kb7 63. Nf3 Rh1 64. Rh7 Kc6 65. Rh6+ Kd5
66. Rh7 Bb6+ 67. Kf4 Bf2 68. Rd7+ Ke6 69. Rd2 Kf6 70. Rd6+ Ke7 71. Rh6 g2 72.
Rg6 g1=Q 73. Nxg1 Bxg1 74. Kf3 Bd4 75. Ra6 Bf6 76. Kg2 Rb1 77. Kh3 Rb3+ 78. Kg2
Kf7 79. Ra2 Kg6 80. Rf2 Kg5 81. Rf3 Rb4 82. Kh3 Be5 83. Rd3 Rh4+ 84. Kg2 Rh2+
85. Kg1 Ra2 86. Kh1 h4 87. Rd1 Kg4 88. Rd4+ Bf4 89. Rd1 Kh3 90. Rd3+ Bg3 91.
Rd1 Rh2+ 92. Kg1 Bf2+ 0-1

[Event "Chicago Open 2008"]
[Site "Wheeling, IL"]
[Date "2008.05.25"]
[Round "5.13"]
[White "Hilton, Jonathan"]
[Black "Quan, Zhe"]
[Result "0-1"]
[WhiteElo "2246"]
[BlackElo "2465"]
[PlyCount "94"]
[EventDate "2008.05.??"]
[SourceDate "2008.05.24"]

1. Nf3 Nf6 2. c4 c5 3. g3 g6 4. Bg2 Bg7 5. d4 cxd4 6. Nxd4 Nc6 7. O-O O-O 8.
Nc3 Qb6 9. Nb3 d6 10. Nd5 Nxd5 11. cxd5 Ne5 12. Be3 Qa6 13. Bd4 Bd7 14. f4 Nc4
15. Bxg7 Kxg7 16. Qd4+ f6 17. Rfc1 Rfc8 18. Nd2 Nb6 19. a3 Qa4 20. Qxa4 Nxa4
21. b3 Nb6 22. Kf2 f5 23. Ke3 Kf6 24. Kd4 h6 25. e4 fxe4 26. Nxe4+ Kf7 27. Nc3
Rc5 28. Ne2 Rac8 29. Rxc5 dxc5+ 30. Kc3 Bb5 31. Kd2 Rd8 32. Nc3 Bc6 33. Ke3
Nxd5+ 34. Nxd5 Bxd5 35. Bxd5+ Rxd5 36. Rc1 Ke6 37. g4 Kd6 38. h3 b5 39. Ke2 Rd4
40. Ke3 Kd5 41. Rf1 Re4+ 42. Kf3 c4 43. bxc4+ bxc4 44. Rb1 c3 45. Rb5+ Kc6 46.
Kxe4 c2 47. Rb8 Kc7 0-1

[Event "Chicago Open 2008"]
[Site "Wheeling, IL"]
[Date "2008.05.25"]
[Round "5.14"]
[White "Felecan, Florin"]
[Black "Pereira, Silvio"]
[Result "1-0"]
[WhiteElo "2459"]
[BlackElo "2214"]
[PlyCount "43"]
[EventDate "2008.05.??"]
[SourceDate "2008.05.24"]

1. d4 f5 2. h3 c5 3. d5 Nf6 4. Nc3 Qa5 5. g4 d6 6. Bd2 fxg4 7. e4 a6 8. Nge2 g5
9. Ng3 Rg8 10. Be2 gxh3 11. Bh5+ Kd8 12. Bf7 Rg7 13. Be6 Nbd7 14. a3 g4 15. O-O
Ne5 16. b4 cxb4 17. axb4 Qxb4 18. Kh1 Bxe6 19. Na4 Qd4 20. Ba5+ b6 21. Qxd4
bxa5 22. dxe6 1-0

[Event "Chicago Open 2008"]
[Site "Wheeling, IL"]
[Date "2008.05.25"]
[Round "5.18"]
[White "Fricano, Paul"]
[Black "Wolf, Dan"]
[Result "0-1"]
[WhiteElo "1918"]
[BlackElo "2321"]
[PlyCount "82"]
[EventDate "2008.05.??"]
[SourceDate "2008.05.24"]

1. d4 Nf6 2. Bg5 g6 3. Nc3 Bg7 4. e4 d6 5. f3 c6 6. Qd2 b5 7. O-O-O Qa5 8. Kb1
Nbd7 9. Nh3 Nb6 10. Nf2 b4 11. Ne2 Nc4 12. Qc1 Rb8 13. Bxf6 Bxf6 14. Nf4 Ba6
15. Bxc4 Bxc4 16. b3 Be6 17. Nxe6 fxe6 18. f4 O-O 19. Rhf1 c5 20. e5 Bg7 21.
Ne4 cxd4 22. exd6 exd6 23. Nxd6 Qd5 24. Nc4 Qxg2 25. Rd2 Qd5 26. Rd3 Rf7 27.
Qe1 a5 28. Qg3 Rbf8 29. Ne3 Qe4 30. Ng2 a4 31. Re1 Qc6 32. Re2 Rc8 33. Qe1 axb3
34. cxb3 Rfc7 35. Nh4 Qa6 36. Red2 Rc3 37. Qf1 Qc6 38. Rd1 Rc2 39. R3d2 Qc3 40.
Rxc2 Qxc2+ 41. Ka1 d3# 0-1

[Event "Chicago Open 2008"]
[Site "Wheeling, IL"]
[Date "2008.05.25"]
[Round "5.23"]
[White "Marshall, Mario"]
[Black "Krimminger, Troy"]
[Result "1-0"]
[WhiteElo "2014"]
[BlackElo "1721"]
[PlyCount "54"]
[EventDate "2008.05.??"]
[SourceDate "2008.05.24"]

1. e4 c5 2. Nf3 d6 3. d4 cxd4 4. Nxd4 Nf6 5. Nc3 e6 6. g4 h6 7. g5 hxg5 8. Bxg5
Be7 9. Qd2 Bd7 10. O-O-O Nc6 11. h4 a6 12. Be2 Rc8 13. Rdg1 Qa5 14. Nb3 Qc7 15.
h5 b5 16. Bxb5 Rxh5 17. Be2 Rxh1 18. Rxh1 Kf8 19. Bh6 Ng8 20. Bg5 Nb4 21. Bxe7+
Kxe7 22. a3 Nxc2 23. Kxc2 Ba4 24. Qd4 Qc6 25. Qb4 a5 26. Qd4 Nf6 27. f3 Rc7 1-0

[Event "Chicago Open 2008"]
[Site "Wheeling, IL"]
[Date "2008.05.26"]
[Round "6.2"]
[White "Mitkov, Nikola"]
[Black "Petrosian, Tigran"]
[Result "0-1"]
[WhiteElo "2575"]
[BlackElo "2716"]
[PlyCount "62"]
[EventDate "2008.05.??"]
[SourceDate "2008.05.24"]

1. d4 d5 2. Bf4 Nf6 3. e3 g6 4. h3 Bg7 5. Nf3 O-O 6. Be2 c5 7. O-O Qb6 8. Nc3
cxd4 9. Nb5 Ne8 10. exd4 Nc6 11. Qd2 Be6 12. Rfd1 a6 13. Nc3 Qxb2 14. Rab1 Qa3
15. Rxb7 Nd6 16. Rb3 Qa5 17. Qc1 Nf5 18. Ra3 Qd8 19. Bxa6 Qb6 20. Bd3 Nfxd4 21.
Ng5 Qb4 22. Rxa8 Rxa8 23. Bd2 Qc5 24. Nxe6 Nxe6 25. Ne2 Rxa2 26. Be3 Qa5 27.
Qd2 Qxd2 28. Bxd2 Nc5 29. Nc1 Rb2 30. Be3 d4 31. Bd2 e5 0-1

[Event "Chicago Open 2008"]
[Site "Wheeling, IL"]
[Date "2008.05.26"]
[Round "6.9"]
[White "Laylo, Darwin"]
[Black "Pasalic, Mehmed"]
[Result "1-0"]
[WhiteElo "2596"]
[BlackElo "2420"]
[PlyCount "83"]
[EventDate "2008.05.??"]
[SourceDate "2008.05.24"]

1. c4 e5 2. Nc3 Nf6 3. g3 d5 4. cxd5 Nxd5 5. Bg2 Nb6 6. Nf3 Nc6 7. O-O Be7 8.
d3 O-O 9. a4 a5 10. Be3 f5 11. Rc1 Be6 12. Nb5 Nd5 13. Bc5 Re8 14. Bxe7 Qxe7
15. Qc2 Ncb4 16. Qb1 Bf7 17. Nd2 c6 18. Nc3 Nb6 19. b3 Rad8 20. Nc4 Nxc4 21.
bxc4 Rf8 22. Qb2 Kh8 23. Kh1 f4 24. Na2 c5 25. Be4 Be8 26. gxf4 Rxf4 27. Nc3
Qh4 28. f3 Rf6 29. Nd5 Re6 30. Rg1 Bc6 31. Rg4 Qh6 32. Rcg1 Rg8 33. Rg5 Bxa4
34. Rxe5 Bc6 35. Reg5 Bxd5 36. cxd5 Qf6 37. Qc1 Re5 38. Rxe5 Qxe5 39. Qxc5 Nc6
40. f4 Qd4 41. Qd6 Nd8 42. Bxh7 1-0

[Event "Chicago Open 2008"]
[Site "Wheeling, IL"]
[Date "2008.05.26"]
[Round "6.11"]
[White "Sharavdorj, Dashzeveg"]
[Black "Amanov, Mesgen"]
[Result "1/2-1/2"]
[WhiteElo "2488"]
[BlackElo "2390"]
[PlyCount "78"]
[EventDate "2008.05.??"]
[SourceDate "2008.05.24"]

1. d4 Nf6 2. Nf3 e6 3. c4 b6 4. g3 Bb7 5. Bg2 Be7 6. O-O O-O 7. Nc3 Ne4 8. Bd2
Nxc3 9. Bxc3 d5 10. cxd5 exd5 11. b4 Nd7 12. b5 a6 13. a4 Nf6 14. Qb3 Ne4 15.
Bb4 Bxb4 16. Qxb4 Qd6 17. Qb2 Rfe8 18. Rfc1 axb5 19. axb5 f6 20. Rxa8 Rxa8 21.
Qc2 Qb4 22. Bh3 Qxb5 23. Qxc7 Qxe2 24. Rf1 Ba6 25. Qc6 Rb8 26. Qxd5+ Kh8 27.
Nh4 Bb7 28. Qd7 Ng5 29. Bg2 Bxg2 30. Kxg2 Qe6 31. Qxe6 Nxe6 32. d5 Nc5 33. Nf5
g6 34. Ne3 Kg7 35. Rb1 Kf8 36. Rb5 Ke7 37. Nc4 Nd7 38. Rb4 b5 39. Na3 Kd6
1/2-1/2

[Event "Chicago Open 2008"]
[Site "Wheeling, IL"]
[Date "2008.05.26"]
[Round "6.17"]
[White "Barclay, Kayin"]
[Black "Homa, Seth"]
[Result "1/2-1/2"]
[WhiteElo "2112"]
[BlackElo "2261"]
[PlyCount "138"]
[EventDate "2008.05.??"]
[SourceDate "2008.05.24"]

1. e3 Nf6 2. Nf3 d5 3. b3 c5 4. Bb5+ Bd7 5. a4 Nc6 6. O-O Qc7 7. Ba3 e6 8. d4
a6 9. Bxc6 Qxc6 10. Nbd2 Bd6 11. dxc5 Bxc5 12. b4 Bd6 13. c4 O-O 14. b5 axb5
15. cxb5 Qc7 16. Qb3 Bxa3 17. Rxa3 Rfc8 18. Rfa1 Qa5 19. h3 Rc5 20. Qd3 Qc7 21.
Qb1 Rc8 22. Nb3 Rc3 23. Nbd2 Rc5 24. Nb3 Rc3 25. Nbd2 Rc1+ 26. Qxc1 Qxc1+ 27.
Rxc1 Rxc1+ 28. Kh2 Kf8 29. Nd4 Ke7 30. f4 Ne8 31. N2b3 Rc3 32. a5 Kd8 33. a6
bxa6 34. bxa6 Nc7 35. a7 Na8 36. Ra6 Kc7 37. Ra1 Kb6 38. Rc1 Rxc1 39. Nxc1 Kxa7
40. Nd3 Kb6 41. Ne5 Be8 42. f5 Nc7 43. fxe6 fxe6 44. Kg3 Kc5 45. Kf4 Kd6 46. h4
h6 47. Ndf3 Nb5 48. g4 Nc3 49. g5 Bh5 50. Nd4 hxg5+ 51. hxg5 Be8 52. Ndf3 Bh5
53. Nd4 Be8 54. Ndf3 Ne4 55. Kg4 Nf2+ 56. Kg3 Nd1 57. Kf4 Nc3 58. Nd4 Bh5 59.
Nd3 Be8 60. Ne5 Na4 61. Nd3 Nb6 62. Nf3 Bh5 63. Nd4 Be8 64. Nf3 Nc4 65. Nd4 Bd7
66. Nf3 Ba4 67. Nd4 Bd7 68. Nf3 Bb5 69. Nde5 Be8 1/2-1/2

[Event "Chicago Open 2008"]
[Site "Wheeling, IL"]
[Date "2008.05.26"]
[Round "6.18"]
[White "Obierak, Wladyslaw"]
[Black "Hilton, Jonathan"]
[Result "0-1"]
[WhiteElo "2069"]
[BlackElo "2246"]
[PlyCount "70"]
[EventDate "2008.05.??"]
[SourceDate "2008.05.24"]

1. e4 e5 2. Nf3 Nc6 3. Bb5 a6 4. Ba4 Nf6 5. d3 b5 6. Bb3 Be7 7. Nc3 d6 8. h3
O-O 9. Be3 Na5 10. O-O Bb7 11. Ne2 c5 12. a3 Nxb3 13. cxb3 Re8 14. Ng3 h6 15.
Qe2 Bf8 16. Rac1 Rc8 17. Nd2 d5 18. f3 Kh7 19. Rfd1 Qd7 20. Bf2 a5 21. Ndf1 d4
22. Nd2 Ra8 23. Qe1 a4 24. Rc2 Qe6 25. bxa4 Rxa4 26. Rdc1 Nd7 27. Ra1 Rea8 28.
Rcc1 Nb6 29. Qd1 g6 30. Kh2 c4 31. dxc4 bxc4 32. b3 Rxa3 33. Rxa3 Bxa3 34. Rxc4
Nxc4 35. Nxc4 Be7 0-1

[Event "Chicago Open 2008"]
[Site "Wheeling, IL"]
[Date "2008.05.26"]
[Round "6.20"]
[White "Filipovich, David"]
[Black "Donahue, Robert"]
[Result "1/2-1/2"]
[WhiteElo "2229"]
[BlackElo "2036"]
[PlyCount "69"]
[EventDate "2008.05.??"]
[SourceDate "2008.05.24"]

1. Nf3 Nf6 2. g3 d5 3. Bg2 e6 4. O-O Be7 5. d4 O-O 6. c4 dxc4 7. Qc2 a6 8. Qxc4
b5 9. Qc2 Bb7 10. Bf4 Nc6 11. Nbd2 Nd5 12. Nb3 Nxf4 13. gxf4 Nb4 14. Qc1 Bd5
15. Qc3 Bc4 16. Ne5 Nd5 17. Qf3 Bxb3 18. Nc6 Qd7 19. Nxe7+ Qxe7 20. Qxb3 c6 21.
e3 Rac8 22. Rac1 a5 23. Rc5 Rc7 24. Rfc1 a4 25. Qa3 Rfc8 26. Bxd5 exd5 27. b3
axb3 28. Qxb3 Qd7 29. Qd1 g6 30. a4 bxa4 31. Qxa4 Qg4+ 32. Kh1 Qf3+ 33. Kg1
Qg4+ 34. Kh1 Qf3+ 35. Kg1 1/2-1/2

[Event "Chicago Open 2008"]
[Site "Wheeling, IL"]
[Date "2008.05.26"]
[Round "6.25"]
[White "Cronin, Mike"]
[Black "Lee, David"]
[Result "0-1"]
[WhiteElo "1898"]
[BlackElo "1947"]
[PlyCount "54"]
[EventDate "2008.05.??"]
[SourceDate "2008.05.24"]

1. d4 Nf6 2. c4 g6 3. Nc3 d5 4. Nf3 Bg7 5. e3 O-O 6. Be2 c6 7. a3 Nbd7 8. cxd5
Nxd5 9. e4 Nxc3 10. bxc3 c5 11. O-O b6 12. Qa4 Bb7 13. e5 a6 14. Qb3 cxd4 15.
cxd4 b5 16. Ng5 Nb6 17. Bf3 Bxf3 18. Nxf3 Qd5 19. Qxd5 Nxd5 20. Bd2 e6 21. Rfc1
Rfc8 22. Rc5 Bf8 23. Rxc8 Rxc8 24. Kf1 Nb6 25. Ke2 Rc4 26. Bb4 Bxb4 27. axb4
Na4 0-1

[Event "Chicago Open 2008"]
[Site "Wheeling, IL"]
[Date "2008.05.26"]
[Round "7.5"]
[White "Kolev, Atanas"]
[Black "Laylo, Darwin"]
[Result "1/2-1/2"]
[WhiteElo "2620"]
[BlackElo "2596"]
[PlyCount "71"]
[EventDate "2008.05.??"]
[SourceDate "2008.05.24"]

1. e4 d5 2. exd5 Nf6 3. d4 Bg4 4. Nf3 Qxd5 5. Be2 Nc6 6. Be3 O-O-O 7. Nbd2 Qf5
8. c4 e5 9. dxe5 Nxe5 10. Qa4 a6 11. O-O-O Nd3+ 12. Bxd3 Rxd3 13. h3 Bxf3 14.
Nxf3 Rxd1+ 15. Rxd1 Bc5 16. Nd4 Qe4 17. b4 Bxd4 18. Rxd4 Qe6 19. b5 Rd8 20.
bxa6 bxa6 21. Rxd8+ Kxd8 22. Qd1+ Kc8 23. Qd4 Qc6 24. Qc5 Qe6 25. Kb2 Nd7 26.
Qd4 g6 27. Kb3 h5 28. Kc3 Nb6 29. Qf4 Qe7 30. Kb3 Qd7 31. Bxb6 cxb6 32. Qf3 Kc7
33. Qf4+ Kb7 34. Qf3+ Kc7 35. Qf4+ Kb7 36. Qf3+ 1/2-1/2

[Event "Chicago Open 2008"]
[Site "Wheeling, IL"]
[Date "2008.05.26"]
[Round "7.10"]
[White "Pasalic, Mehmed"]
[Black "Robson, Ray"]
[Result "0-1"]
[WhiteElo "2420"]
[BlackElo "2426"]
[PlyCount "72"]
[EventDate "2008.05.??"]
[SourceDate "2008.05.24"]

1. e4 c5 2. Nf3 d6 3. Bb5+ Nd7 4. O-O Ngf6 5. Re1 a6 6. Bf1 b6 7. d3 Bb7 8.
Nbd2 g6 9. b3 Bg7 10. Bb2 O-O 11. c3 e5 12. a3 Qc7 13. Rc1 Rae8 14. b4 d5 15.
g3 Rd8 16. Qe2 Rfe8 17. Bg2 Bh6 18. Rcd1 dxe4 19. dxe4 Nb8 20. Nh4 b5 21. Nb3
c4 22. Nc5 Bc8 23. Bc1 Bxc1 24. Rxc1 Nbd7 25. Nxd7 Rxd7 26. Rcd1 Red8 27. Rxd7
Qxd7 28. Nf3 Qd6 29. Qe3 Bb7 30. Qa7 Rd7 31. Bh3 Re7 32. Qc5 Qxc5 33. bxc5 Nxe4
34. Re3 f6 35. c6 Bxc6 36. Bc8 Nc5 0-1

[Event "Chicago Open 2008"]
[Site "Wheeling, IL"]
[Date "2008.05.26"]
[Round "7.11"]
[White "Tate, Emory"]
[Black "Fricano, Paul"]
[Result "1-0"]
[WhiteElo "2368"]
[BlackElo "1918"]
[PlyCount "137"]
[EventDate "2008.05.??"]
[SourceDate "2008.05.24"]

1. f4 d5 2. Nf3 Nf6 3. e3 g6 4. d4 Bg7 5. Bd3 O-O 6. Nbd2 b6 7. Ne5 c5 8. O-O
Qd6 9. b3 cxd4 10. exd4 Ba6 11. Bxa6 Nxa6 12. Qe2 Nc7 13. Bb2 Rac8 14. c3 Ne6
15. Qe3 Bh6 16. g3 b5 17. Rae1 Rc7 18. Qd3 Rb8 19. f5 Ng5 20. fxg6 hxg6 21.
Nxg6 Nfe4 22. Nf4 b4 23. cxb4 Rbc8 24. Rc1 Rxc1 25. Bxc1 Rxc1 26. Rxc1 Nxd2 27.
Rc8+ Bf8 28. Qf5 Ndf3+ 29. Kh1 Qxb4 30. Rc1 Qd2 31. Qc2 Qxd4 32. Rd1 Qe4 33.
Qxe4 dxe4 34. h4 e5 35. Nd5 Nh7 36. Rc1 Kg7 37. Rc4 Nf6 38. Nxf6 Kxf6 39. Rxe4
Kf5 40. Ra4 Bc5 41. Kg2 Ne1+ 42. Kf1 Nf3 43. g4+ Ke6 44. h5 Kf6 45. Ra6+ Bb6
46. Ke2 Nd4+ 47. Kd3 Ne6 48. b4 Kg5 49. Ke4 f6 50. h6 Kxh6 51. Kf5 Nc7 52. Ra3
Nb5 53. Rd3 Bd4 54. a4 Nc3 55. Kxf6 Nd5+ 56. Kf5 Ne3+ 57. Ke4 Nc2 58. b5 Kg5
59. Rd2 Na1 60. Rxd4 exd4 61. Kxd4 Nb3+ 62. Kc4 Na5+ 63. Kb4 Nb7 64. a5 Kxg4
65. a6 Nd8 66. b6 axb6 67. Kb5 Nf7 68. a7 Nd6+ 69. Kc6 1-0

[Event "Chicago Open 2008"]
[Site "Wheeling, IL"]
[Date "2008.05.26"]
[Round "7.12"]
[White "Parry, Matt"]
[Black "Zenyuk, Iryna"]
[Result "0-1"]
[WhiteElo "2325"]
[BlackElo "2186"]
[PlyCount "34"]
[EventDate "2008.05.??"]
[SourceDate "2008.05.24"]

1. e4 c5 2. Nf3 e6 3. b3 b6 4. Bb2 Bb7 5. e5 d6 6. Na3 dxe5 7. Nxe5 Nf6 8. Bb5+
Nbd7 9. Nac4 a6 10. Bxd7+ Nxd7 11. Nxd7 Qxd7 12. Nxb6 Qc6 13. Nxa8 Qxg2 14.
Nc7+ Kd7 15. Rf1 Bf3 16. Qb1 Bg4 17. c4 Qf3 0-1

[Event "Chicago Open 2008"]
[Site "Wheeling, IL"]
[Date "2008.05.26"]
[Round "7.13"]
[White "Davis, Loal"]
[Black "Wolf, Dan"]
[Result "1/2-1/2"]
[WhiteElo "2232"]
[BlackElo "2321"]
[PlyCount "51"]
[EventDate "2008.05.??"]
[SourceDate "2008.05.24"]

1. d4 Nf6 2. c4 c5 3. Nf3 g6 4. Nc3 cxd4 5. Nxd4 Nc6 6. e4 Nxd4 7. Qxd4 d6 8.
Bg5 Bg7 9. Be2 O-O 10. Qd2 b6 11. O-O Bb7 12. f3 Rc8 13. Rac1 a6 14. Kh1 Qc7
15. Nd5 Bxd5 16. cxd5 Qb7 17. b3 b5 18. Rxc8 Rxc8 19. Rc1 Kf8 20. Rxc8+ Qxc8
21. Qc1 Qxc1+ 22. Bxc1 Nd7 23. Be3 Bc3 24. a4 bxa4 25. bxa4 a5 26. Bb5 1/2-1/2

[Event "Chicago Open 2008"]
[Site "Wheeling, IL"]
[Date "2008.05.26"]
[Round "7.15"]
[White "Homa, Seth"]
[Black "Filipovich, David"]
[Result "1-0"]
[WhiteElo "2261"]
[BlackElo "2229"]
[PlyCount "43"]
[EventDate "2008.05.??"]
[SourceDate "2008.05.24"]

1. e4 c6 2. d4 d5 3. e5 Bf5 4. Nd2 e6 5. Nb3 Nd7 6. Nf3 Ne7 7. Be2 c5 8. O-O
Nc6 9. dxc5 Nxc5 10. Nbd4 Bg4 11. Be3 Be7 12. c4 Nxd4 13. Qxd4 Bxf3 14. Bxf3
dxc4 15. Qxc4 Rc8 16. Rfd1 Qc7 17. Qb5+ Kf8 18. Rac1 a6 19. Qc4 a5 20. b3 Qxe5
21. Bxb7 Rc7 22. Bf4 1-0

[Event "Chicago Open 2008"]
[Site "Wheeling, IL"]
[Date "2008.05.26"]
[Round "7.18"]
[White "Obierak, wladyslaw"]
[Black "Marshall, Mario"]
[Result "1/2-1/2"]
[WhiteElo "2069"]
[BlackElo "2014"]
[PlyCount "40"]
[EventDate "2008.05.??"]
[SourceDate "2008.05.24"]

1. d4 Nf6 2. Nf3 c5 3. e3 d5 4. Nc3 Nc6 5. Be2 g6 6. O-O Bg7 7. h3 O-O 8. b3
cxd4 9. exd4 Ne4 10. Bb2 Bf5 11. g4 Bc8 12. Nxe4 dxe4 13. Ne5 Nxe5 14. dxe5 Qc7
15. Qd4 b6 16. Qxe4 Bb7 17. Qc4 Bxe5 18. Qxc7 Bxc7 19. f4 Rad8 20. Bd3 b5
1/2-1/2

[Event "Chicago Open 2008"]
[Site "Wheeling, IL"]
[Date "2008.05.26"]
[Round "7.20"]
[White "Lee, David"]
[Black "Krimminger, Troy"]
[Result "1/2-1/2"]
[WhiteElo "1947"]
[BlackElo "1721"]
[PlyCount "45"]
[EventDate "2008.05.??"]
[SourceDate "2008.05.24"]

1. e4 c5 2. Nf3 d6 3. d4 cxd4 4. Nxd4 Nf6 5. Nc3 e6 6. Be2 Be7 7. O-O Nc6 8.
Kh1 Nxd4 9. Qxd4 Bd7 10. f4 Bc6 11. Bf3 O-O 12. a4 a6 13. a5 Qc7 14. Qf2 d5 15.
e5 Nd7 16. Be3 Bb5 17. Rg1 Bc5 18. Ne2 Bxe2 19. Bxe2 Bxe3 20. Qxe3 Qc5 21. Qh3
g6 22. g4 Qf2 23. Qf3 1/2-1/2